000
00198nam a2200073Ia 4500
008
180219s9999 xx 000 0 und d
100
_a
Reddy Venketeswara
245
0
_a
Methods Of Teaching Rural Sociology
260
_a
New Delhi D P H
999
_c
41349
_d
41349